An Introduction to Operational Research (Record no. 31)

MARC details
000 -LEADER
fixed length control field 00384nam a22001577a 4500
005 - DATE AND TIME OF LATEST TRANSACTION
control field 20260508115633.0
008 - FIXED-LENGTH DATA ELEMENTS--GENERAL INFORMATION
fixed length control field 160426b xxu||||| |||| 00| 0 eng d
020 ## - INTERNATIONAL STANDARD BOOK NUMBER
ISBN 0-7069-8567-2
041 ## - LANGUAGE CODE
Language code of text/sound track or separate title eng
082 ## - DEWEY DECIMAL CLASSIFICATION NUMBER
Classification number 658.4034
100 ## - MAIN ENTRY--AUTHOR NAME
Personal name Kothari, C.R.
245 ## - TITLE STATEMENT
Title An Introduction to Operational Research
260 ## - PUBLICATION, DISTRIBUTION, ETC. (IMPRINT)
Place of publication New Delhi
Name of publisher Vikash Publishing,
Year of publication 2004
300 ## - PHYSICAL DESCRIPTION
Number of Pages 522
942 ## - ADDED ENTRY ELEMENTS (KOHA)
Koha item type Books
Holdings
Lost status Damaged status Collection code Home library Current library Shelving location Date acquired Cost, normal purchase price Full call number Accession Number Koha item type
    Reference JRU Library   SHELF-29-D 26/04/2016 170.00 00125 00125 Books
    MANAGEMENT JRU Library JRU Library SHELF-76-G 26/04/2016 170.00 658.4034 00126 Books
    MANAGEMENT JRU Library JRU Library SHELF-76-G 26/04/2016 170.00 658.4034 00127 Books
    MANAGEMENT JRU Library JRU Library SHELF-76-G 26/04/2016 170.00 658.4034 00128 Books
    MANAGEMENT JRU Library JRU Library SHELF-76-G 26/04/2016 170.00 658.4034 00129 Books